[Event "HUN-chT"]
[Site "HUN"]
[Date "1991.??.??"]
[Round "?"]
[White "Puschmann, Laszlo"]
[Black "Rausz, Attila"]
[Result "1-0"]
[WhiteElo "2360"]
[BlackElo "2250"]

1.d4 g6 2.e4 Bg7 3.Nc3 d6 4.Be3 Nc6 5.d5 Ne5 6.h3 c5 7.f4 Nd7 8.Nf3 a6 9.a4 Qc7
10.Bc4 Nb6 11.Be2 f6 12.O-O Nh6 13.Qd2 Nf7 14.Kh2 O-O 15.g4 Bh6 16.Kg3 e5
17.dxe6 Bxe6 18.a5 Nc4 19.Bxc4 Bxc4 20.Rfd1 Bg7 21.Nd5 Bxd5 22.Qxd5 Rfe8
23.Bf2 Qc6 24.Qxc6 bxc6 25.Ra4 Bf8 26.b3 Rad8 27.h4 d5 28.Re1 Bd6 29.g5 h6
30.gxf6 g5 31.hxg5 hxg5 32.e5 gxf4+ 33.Kxf4 Nxe5 34.Nxe5 Rxe5 35.Rxe5 Re8
36.Bxc5 Bxe5+ 37.Kf5 Kf7 38.Be7 Bc3 39.Rg4 Rxe7  1-0

[Event "HUN-chT"]
[Site "HUN"]
[Date "1991.??.??"]
[Round "?"]
[White "Csoke, Adrienn"]
[Black "Kurucsai, Istvan"]
[Result "1/2-1/2"]
[WhiteElo "2170"]
[BlackElo "2095"]

1.e4 g6 2.d4 Bg7 3.Nc3 d6 4.f4 c6 5.Nf3 Nf6 6.Bd3 Qc7 7.O-O O-O 8.Qe2 Nbd7
9.e5 Nd5 10.Nxd5 cxd5 11.e6 Nf6 12.exf7+ Rxf7 13.Ng5 Ne4 14.Nxf7 Bxd4+ 15.Kh1 Kxf7
16.f5 Bf6 17.fxg6+ hxg6 18.Bh6 Be6 19.g4 Rh8 20.g5 Bf5 21.Rxf5 gxf5 22.Qh5+ Ke6
23.Bxe4 dxe4 24.gxf6 exf6 25.Rg1 Qxc2 26.Rg7 Qb1+ 27.Kg2 Qxb2+ 28.Kh1 Qb1+
29.Kg2 Qc2+ 30.Kh1  1/2-1/2

[Event "Jyvaskyla op"]
[Site "Jyvaskyla"]
[Date "1991.??.??"]
[Round "1"]
[White "Watson, William N"]
[Black "Ristoja, Aulikki"]
[Result "1-0"]
[WhiteElo "2505"]
[BlackElo "2010"]

1.e4 g6 2.d4 Bg7 3.Nc3 d6 4.f4 c6 5.Nf3 Nf6 6.Bd3 Qb6 7.h3 Na6 8.a3 c5 9.e5 dxe5
10.dxe5 Nd7 11.Be3 O-O 12.O-O Qd8 13.Qe1 Nc7 14.Rd1 b6 15.f5 Bb7 16.fxg6 hxg6
17.Ng5 Nxe5 18.Qh4 Re8 19.Qh7+ Kf8 20.Nxf7 Nxf7 21.Bxg6 Qxd1 22.Nxd1  1-0

[Event "Karlsruhe Elo"]
[Site "Karlsruhe"]
[Date "1991.??.??"]
[Round "4"]
[White "Marciano, David"]
[Black "Bezold, Michael"]
[Result "1-0"]
[WhiteElo "2310"]
[BlackElo "2330"]

1.e4 g6 2.d4 Bg7 3.Nc3 d6 4.Nf3 a6 5.Bc4 e6 6.Be3 Ne7 7.Qe2 Nd7 8.h4 h6 9.Bb3 b5
10.a4 b4 11.Nb1 Bb7 12.Nbd2 d5 13.exd5 Bxd5 14.a5 O-O 15.Nc4 Nf5 16.O-O-O Rc8
17.Kb1 c5 18.dxc5 Nxc5 19.Nb6 Qf6 20.Nd4 Bxg2 21.Rhg1 Be4 22.Nxc8 Nxb3 23.Nb6 Nbxd4
24.Bxd4 Nxd4 25.Qxe4 Nf3 26.Qxb4 Nxg1 27.Nd7 Qd8 28.Qa4 Ne2 29.Rd2 Re8 30.Rxe2 Kh8
31.Rd2 Qc7 32.Nb6 Rf8 33.c3 Kh7 34.Rd7 Qe5 35.Ka2 Qf5 36.f4 e5 37.fxe5 Qxe5
38.Rd5 Qe6 39.Qc4 Rb8 40.h5 Rb7 41.Qd3 Rc7 42.Kb1 Re7 43.Qxa6 Qe1+ 44.Ka2 Re2
45.Na4 Re4 46.Qb5 Qh1 47.hxg6+ Kxg6 48.Qd3 f5 49.Nc5 Rf4 50.a6 Rf1 51.a7  1-0

[Event "Katowice op"]
[Site "Katowice"]
[Date "1991.??.??"]
[Round "2"]
[White "Kostyra, Stanislaw"]
[Black "Tseshkovsky, Vitaly"]
[Result "1/2-1/2"]
[WhiteElo "2315"]
[BlackElo "2490"]

1.e4 g6 2.d4 Bg7 3.Nc3 d6 4.Nf3 Nf6 5.h3 O-O 6.Be3 c6 7.a4 Nbd7 8.Be2 e5
9.dxe5 dxe5 10.Qc1 Qe7 11.O-O Nc5 12.Bg5 Ne6 13.Bh6 Nd4 14.Bxg7 Kxg7 15.Re1 Rd8
16.Bd1 b6 17.Nb1 c5 18.Nbd2 Bb7 19.a5 b5 20.c3 Nxf3+ 21.Bxf3 c4 22.a6 Bc6
23.b3 cxb3 24.Nxb3 Rac8 25.Qe3 Rc7 26.Na5 Rdc8 27.Reb1 Ba8 28.Rxb5 Rxc3 29.Rb7 Qd8
30.Qxa7 Rc1+ 31.Rxc1 Rxc1+ 32.Kh2 Bxb7 33.axb7 Rb1 34.Nc6 Qd2 35.b8=Q Rxb8
36.Qxb8 Qf4+ 37.Kg1 Qc1+ 38.Kh2  1/2-1/2

[Event "Katowice op"]
[Site "Katowice"]
[Date "1991.??.??"]
[Round "6"]
[White "Domarkaite, Laima"]
[Black "Belov, Igor"]
[Result "0-1"]
[WhiteElo "2055"]
[BlackElo "2440"]

1.e4 g6 2.d4 Bg7 3.Nc3 d6 4.Be3 c6 5.Qd2 b5 6.Be2 Nd7 7.h4 h5 8.Nh3 Ngf6
9.Ng5 Bb7 10.f3 O-O 11.g4 e5 12.O-O-O b4 13.Na4 Qa5 14.b3 Nb6 15.a3 exd4
16.Bxd4 c5 17.axb4 cxb4 18.Nxb6 axb6 19.Qe3 Rfe8 20.Kd2 b5 21.Ra1 Qc7 22.Bxb5 Rec8
23.Bd3 Rxa1 24.Rxa1 hxg4 25.fxg4 Nxg4 26.Qg1 Ne5 27.Ke3 d5 28.Rf1 dxe4 29.Nxf7 Ng4+
30.Qxg4 Bxd4+ 31.Kd2 Qc3+ 32.Kd1 Qa1+ 33.Kd2 Qc3+ 34.Kd1 Qa1+ 35.Kd2 Bc3+
36.Ke3 Qa7+ 37.Kf4 Qb8+ 38.Ke3 Qa7+ 39.Kf4 Bd2+ 40.Kg3 Qe3+ 41.Kh2 Qb6 42.Bxe4 Qc7+
43.Kg2 Bxe4+ 44.Qxe4 Qxc2 45.Qxc2 Rxc2 46.Rf2 Rc3 47.Ne5 Be1 48.Rf3 Kg7 49.Nd3 Bd2
50.Ne5 Rc5 51.Nc4 Be1 52.Rf4 Rd5 53.Re4 Bc3 54.Kf3 Kh6 55.Ne3 Rd3 56.Kg4 Rd2
57.Re6 Rd4+ 58.Kh3 Kg7 59.Nc2 Rd3+ 60.Kg4 Rd2 61.Ne3 Rd4+ 62.Kf3 Rxh4 63.Nd5 Bd2
64.Re4 Rxe4 65.Kxe4 Kf7 66.Nb6 Ke6 67.Nc4 Bc3 68.Kf4 Kf6 69.Ke4 Kg5 70.Ne3 Bd2
71.Nd5 Be1 72.Ne3 Bf2 73.Nc4 Bc5 74.Ne5 Be7 75.Nf7+ Kh5 76.Ne5 Bf6 77.Nd3 Be7
78.Nf4+ Kg5 79.Nd5 Bc5 80.Nf4 Bd6 81.Nd5 Kg4 82.Ne3+ Kg3 83.Nc2 Kh3 84.Ne3 Bc5
85.Nd5 g5 86.Kf5 g4 87.Nf4+ Kg3 88.Ne6 Be3  0-1

[Event "Kerteminde"]
[Site "Kerteminde"]
[Date "1991.??.??"]
[Round "4"]
[White "Shirov, Alexei"]
[Black "Hansen, Curt"]
[Result "1/2-1/2"]
[WhiteElo "2615"]
[BlackElo "2565"]

1.d4 d6 2.e4 g6 3.Nc3 Bg7 4.Bg5 Nd7 5.f4 c5 6.d5 Qa5 7.Qf3 h6 8.Bh4 Bxc3+
9.bxc3 Ngf6 10.Kd2 b5 11.Nh3 g5 12.fxg5 Ne5 13.Qe3 Nfg4 14.Qg3 b4 15.Rb1 Rb8
16.Be2 Qxa2 17.Ra1 Nc4+ 18.Bxc4 Qxc4 19.Rxa7 hxg5 20.Bxg5 f6 21.Rxe7+ Kxe7
22.Bxf6+ Nxf6 23.Qg7+ Ke8 24.Qg6+ Kd8 25.Qxf6+ Kc7 26.Qxh8 Bd7 27.Qg7 Qxe4
28.cxb4 Rxb4 29.Nf2 Qf4+ 30.Ke2 Qc4+ 31.Kd2 Qf4+ 32.Ke2 Qc4+ 33.Kd2 Qf4+  1/2-1/2

[Event "Kerteminde"]
[Site "Kerteminde"]
[Date "1991.??.??"]
[Round "9"]
[White "Hector, Jonny"]
[Black "Mortensen, Erling"]
[Result "0-1"]
[WhiteElo "2465"]
[BlackElo "2450"]

1.e4 g6 2.d4 Bg7 3.Nc3 d6 4.f4 c6 5.Nf3 Bg4 6.Be3 Qb6 7.Qd2 Bxf3 8.gxf3 Nd7
9.Bh3 Qc7 10.a4 Ngf6 11.f5 Rb8 12.O-O a5 13.Rae1 O-O 14.f4 gxf5 15.Bxf5 e6
16.Bh3 b5 17.e5 b4 18.Nd1 Nd5 19.Rf3 f5 20.exf6 Rxf6 21.Bf2 Nf8 22.Bh4 Rg6+
23.Kh1 Bf6 24.Bg3 Qg7 25.Bf2 Qh6 26.Bxe6+ Nxe6 27.Rxe6 Qh5 28.Qe2 Kh8 29.Re8+ Rxe8
30.Qxe8+ Kg7 31.Qe4 Qg4 32.Bg3 h5 33.Nf2 Qd7 34.f5 Rh6 35.Bh4 Qe7 36.Rg3+ Kf8
37.Qf4  0-1

[Event "JUG-ch"]
[Site "Kladovo"]
[Date "1991.??.??"]
[Round "1"]
[White "Petkovic, Radoslov"]
[Black "Rakic, Tomislav"]
[Result "1/2-1/2"]
[WhiteElo "2295"]
[BlackElo "2405"]

1.e4 g6 2.d4 Bg7 3.Nc3 d6 4.g3 Nf6 5.Bg2 O-O 6.Nge2 e5 7.h3 Nbd7 8.O-O Re8
9.f4 exd4 10.Nxd4 Nc5 11.Re1 c6 12.Kh2 h5 13.b4 Ncd7 14.b5 c5 15.Nb3 c4 16.Nd4 Nc5
17.Ba3 Qa5 18.Bb2 h4 19.g4 Bd7 20.Rb1 a6 21.Ba1 Rad8 22.b6 Bc6 23.Nxc6 bxc6
24.Qf3 Nfd7 25.e5 d5 26.Qf2 Nxb6 27.Qxh4 d4 28.Ne4 Nxe4 29.Rxe4 d3 30.cxd3 cxd3
31.e6 fxe6 32.Rxe6 Bxa1 33.Rxa1 Rxe6 34.Qxd8+ Kf7 35.Qxd3 Nd5 36.Rb1 Qxa2
37.Rb7+ Re7 38.Rxe7+ Kxe7 39.Qe4+ Kf8 40.Kg3 Qa3+ 41.Bf3 Qe7  1/2-1/2

[Event "JUG-ch"]
[Site "Kladovo"]
[Date "1991.??.??"]
[Round "1"]
[White "Matkovic, Tonci"]
[Black "Todorcevic, Miodrag"]
[Result "1/2-1/2"]
[WhiteElo "2355"]
[BlackElo "2480"]

1.e4 g6 2.d4 Bg7 3.Nc3 d6 4.f4 c6 5.Nf3 Bg4 6.Be3 Qb6 7.Qd2 Nf6 8.e5 Nd5
9.Nxd5 cxd5 10.c3 Bxf3 11.gxf3 e6 12.Bd3 Nc6 13.O-O O-O 14.Kh1 Qd8 15.Rg1 Ne7
16.Bf2 Qd7 17.Rae1 Kh8 18.Bh4 Ng8 19.Qe2 a6 20.Rg3 Rae8 21.Rh3 Ne7 22.Qg2 f6
23.exf6 Bxf6 24.Bxg6 Nxg6 25.Qxg6 Bxd4 26.Bg5 Qg7 27.Qh5 Bf2 28.Rf1 Be3 29.Bf6 Rxf6
30.Qxe8+ Qg8 31.Qe7 Rg6 32.Rg3 h6 33.Rxg6 Qxg6 34.Qd8+ Kg7 35.Qc7+ Kf6 36.Qxd6 Qf5
37.Re1 Qxf4 38.Qf8+ Ke5 39.Qg7+ Kd6 40.Qg3 Qxg3 41.hxg3 Bf2 42.Re2 Bxg3 43.Rg2 Bf4
44.Rg7 Kc6 45.Kg2 e5 46.Kf1 Bg5 47.Ke2 e4 48.Rg6+ Kc7 49.fxe4 dxe4 50.Re6 e3
51.Rg6 a5 52.Kd3 b6 53.a4 Bf4 54.Re6 Bg5 55.b4 axb4 56.cxb4 Bf4 57.Re7+ Kc8
58.Re8+ Kd7 59.Re4 Bg5 60.Rc4 h5 61.a5 bxa5 62.bxa5 Bd8 63.a6 Bb6 64.Ra4 Ba7
65.Rb4 Kc8 66.Rb7 Bc5 67.Rb5 Ba7 68.Rxh5 Kb8 69.Rh8+ Kc7 70.Rh6 Kb8 71.Kc4 e2
72.Rh8+ Kc7 73.Re8 Bg1 74.Kb4 Bd4 75.Rxe2  1/2-1/2

[Event "JUG-ch"]
[Site "Kladovo"]
[Date "1991.??.??"]
[Round "6"]
[White "Antic, Dejan"]
[Black "Ivkov, Borislav"]
[Result "0-1"]
[WhiteElo "2390"]
[BlackElo "2485"]

1.d4 g6 2.e4 Bg7 3.Nc3 d6 4.Be3 a6 5.h4 h5 6.Qd2 Nf6 7.f3 c6 8.O-O-O b5 9.Bd3 Qc7
10.Nh3 Bxh3 11.Rxh3 Nbd7 12.Kb1 Nb6 13.e5 Nbd5 14.Nxd5 Nxd5 15.e6 f5 16.g4 b4
17.gxf5 Qb6 18.f6 Bxf6 19.Bxg6+ Kd8 20.Ka1 Rg8 21.Bxh5 Rg2 22.Qd3 Nxe3 23.Qxe3 Rxc2
24.Kb1 Rc4 25.Rhh1 a5 26.f4 a4 27.Be2 Rxd4 28.Rxd4 Bxd4 29.Qg3 Kc7 30.Rc1 b3
31.a3 Ra5 32.Rc4 Bf6 33.h5 Rc5 34.Rb4 Qa7 35.Bd3 Rxh5 36.Be4 Qc5 37.Qg8 Rh1+  0-1

[Event "JUG-ch"]
[Site "Kladovo"]
[Date "1991.??.??"]
[Round "7"]
[White "Stefanovski, Dusko"]
[Black "Rakic, Tomislav"]
[Result "1/2-1/2"]
[WhiteElo "2300"]
[BlackElo "2405"]

1.e4 g6 2.d4 Bg7 3.Nc3 d6 4.f4 Nf6 5.Nf3 c5 6.e5 Nfd7 7.Bc4 cxd4 8.Bxf7+ Kxf7
9.e6+ Kg8 10.exd7 Bxd7 11.Nxd4 Nc6 12.Nxc6 bxc6 13.O-O Rb8 14.Qd3 d5 15.Kh1 Bf5
16.Qe2 h5 17.Nd1 d4 18.Nf2 Kh7 19.Nd3 Qd5 20.b3 c5 21.Ne5 Qe4 22.Re1 Qxc2
23.Bd2 c4 24.Rec1 Qe4 25.Qxe4 Bxe4 26.Rxc4 Bxe5 27.fxe5 Rhd8 28.Rc7 Rb7 29.Rac1 Rd7
30.Rxb7 Bxb7  1/2-1/2

[Event "JUG-ch"]
[Site "Kladovo"]
[Date "1991.??.??"]
[Round "8"]
[White "Kapetanovic, Armin"]
[Black "Ivkov, Borislav"]
[Result "0-1"]
[WhiteElo "2440"]
[BlackElo "2485"]

1.d4 d6 2.e4 g6 3.Nc3 Bg7 4.f4 Nf6 5.Bd3 O-O 6.Nf3 Na6 7.O-O c5 8.d5 Nc7
9.Re1 Rb8 10.a4 b6 11.Nb5 a6 12.Nxc7 Qxc7 13.Qe2 b5 14.axb5 axb5 15.Bxb5 Nxe4
16.Qxe4 Rxb5 17.Qxe7 Qxe7 18.Rxe7 Bf6 19.Rc7 Bf5 20.c3 Be4 21.Rd7 Rb6 22.Be3 Re8
23.Bf2 Bf5 24.Rda7 Rxb2 25.Ra8 Rxa8 26.Rxa8+ Kg7 27.h3 Be4 28.Ra6 Rb1+ 29.Kh2 Bxf3
30.gxf3 Bxc3 31.Rxd6 Bd4 32.Kg3 Rb2 33.Be1 Re2 34.Ba5 Bf2+ 35.Kg2 Be3+ 36.Kg3 Bf2+
37.Kg2 Bd4+ 38.Kg3 h5 39.Rc6 h4+ 40.Kxh4 Rg2 41.f5 Bf2+  0-1

[Event "JUG-ch"]
[Site "Kladovo"]
[Date "1991.??.??"]
[Round "12"]
[White "Strikovic, Aleksa"]
[Black "Kosanski, Stanko"]
[Result "1-0"]
[WhiteElo "2495"]
[BlackElo "2385"]

1.e4 g6 2.d4 Bg7 3.Nc3 d6 4.Nge2 Nc6 5.Be3 e5 6.h3 Nf6 7.g3 Bd7 8.Bg2 Qc8
9.g4 h5 10.g5 Nh7 11.f4 O-O 12.Qd2 exf4 13.Bxf4 Ne7 14.O-O-O Be6 15.d5 Bd7
16.Nd4 b5 17.Nf3 Qa6 18.Kb1 Nc8 19.e5 Nb6 20.b3 Rfe8 21.Rhe1 Rab8 22.Bf1 Rb7
23.exd6 cxd6 24.Rxe8+ Bxe8 25.Nd4 Qa3 26.Bxb5 Bxb5 27.Ndxb5 Qa5 28.Qd3 a6
29.Nxd6 Rd7 30.Nce4 Bf8 31.Nc4 Nxc4 32.Qxc4 Qa3 33.Bc1 Qa5 34.Bb2 Bg7 35.h4 Bxb2
36.Kxb2 Qd8 37.Qd4 a5 38.d6 Qb8 39.Nc5 Rd8 40.d7 Qb6 41.Re1 Qb8 42.Nb7  1-0

[Event "Krumbach op"]
[Site "Krumbach"]
[Date "1991.??.??"]
[Round "2"]
[White "Schlenker, Jochen"]
[Black "Gabriel, Josef"]
[Result "1-0"]
[WhiteElo "2245"]
[BlackElo "2375"]

1.e4 g6 2.d4 Bg7 3.Nc3 d6 4.Be3 Nc6 5.d5 Nb8 6.Qd2 c5 7.h4 Qb6 8.Nge2 h5
9.Rb1 Nd7 10.b4 Qd8 11.bxc5 Nxc5 12.Nd4 Nf6 13.Bb5+ Nfd7 14.O-O a6 15.Be2 Ne5
16.f4 Ng4 17.Bxg4 Bxg4 18.f5 O-O 19.Bh6 Qa5 20.Bxg7 Kxg7 21.Nb3 Qc7 22.Qg5 Nd7
23.Nd1 Qxc2 24.Qxe7 Qxb1 25.fxg6 Ne5 26.Nf2 Qb2 27.Nxg4 hxg4 28.Qf6+ Kg8
29.g7 Rfd8 30.Kh1 Rd7 31.h5 Qe2 32.Nd4 Qd3 33.Ne6 g3 34.Ng5 Ng4 35.Qf5 Rc8
36.Qh7+  1-0

[Event "Krumbach op"]
[Site "Krumbach"]
[Date "1991.??.??"]
[Round "4"]
[White "Galdunts, Sergey"]
[Black "Gabriel, Josef"]
[Result "1-0"]
[WhiteElo "2470"]
[BlackElo "2375"]

1.e4 g6 2.d4 Bg7 3.Nc3 d6 4.Nge2 Nc6 5.d5 Ne5 6.f4 Nd7 7.Nd4 Ngf6 8.Be2 O-O
9.O-O c5 10.Nf3 Qc7 11.Re1 a6 12.a4 b6 13.Bc4 Ng4 14.h3 Nh6 15.Qe2 Kh8 16.Bd2 Bb7
17.Ra3 f6 18.Nd1 Nf7 19.h4 Rg8 20.Nf2 Bc8 21.Rb3 Nf8 22.Kh1 e5 23.dxe6 Bxe6
24.Bd5 Bxd5 25.exd5 Nh6 26.Qe7 Nd7 27.g4 Rgf8 28.c4 Rf7 29.Qe2 Raf8 30.Qe6 Ng8
31.Ne4 Re7 32.Qxd6 Qd8 33.a5 Nh6 34.axb6 Nxg4 35.Nxc5 Rxe1+ 36.Bxe1 Nxc5
37.Qxc5 Qe8 38.b7 Qb8 39.d6 h5 40.Qc7 Qe8 41.b8=Q Qe2 42.Qba7 Qf1+ 43.Ng1  1-0

[Event "Krumbach op"]
[Site "Krumbach"]
[Date "1991.??.??"]
[Round "6"]
[White "Roeder, Frank"]
[Black "Gabriel, Josef"]
[Result "1-0"]
[WhiteElo "2285"]
[BlackElo "2375"]

1.e4 g6 2.d4 Bg7 3.Nc3 d6 4.Be3 c6 5.Qd2 Nf6 6.Nf3 O-O 7.h3 a5 8.Be2 a4 9.a3 Ra5
10.O-O Nbd7 11.Rad1 Qc7 12.Nh2 e5 13.dxe5 dxe5 14.Ng4 Nxg4 15.hxg4 Re8 16.Qd6 Qd8
17.g3 Bf8 18.Qd2 Qc7 19.Kg2 Nf6 20.f3 Nd7 21.Rh1 Bg7 22.Bh6 Bxh6 23.Rxh6 Nf8
24.Bc4 Be6 25.Bxe6 Rxe6 26.Qd8 Re7 27.Rhh1 Kg7 28.Qd2 Rd7 29.Qh6+ Kg8 30.Rxd7 Qxd7
31.Rd1 Qc7 32.Qd2 Ra8 33.Qd6 Qb6 34.Qb4 Qa5 35.Qe7 Qb6 36.Qb4 Qxb4 37.axb4 Ne6
38.Nb1 Nd4 39.c3 Nc2 40.Kf2 Ra7 41.Na3 Nxa3 42.bxa3 b5 43.Rd8+ Kg7 44.Rc8 Rd7
45.Rxc6 Rd2+ 46.Ke3 Ra2 47.Rc5 Rxa3 48.Kd3 Ra1 49.Rxb5 a3 50.Ra5 h5 51.gxh5 gxh5
52.b5 Kf8 53.Kc4 Ke7 54.b6 a2 55.Kb3 Kd6 56.Rxa2 Rf1 57.Rb2 Kc6 58.Kc4 Kb7
59.Kd5 f6 60.c4 Rxf3 61.c5 Rd3+ 62.Ke6 Rxg3 63.c6+ Kb8 64.Rd2 Rg8 65.Ke7 Kc8
66.c7 Rg7+ 67.Kf8  1-0

[Event "Las Palmas op"]
[Site "Las Palmas"]
[Date "1991.??.??"]
[Round "3"]
[White "Solana Suarez, Ernesto"]
[Black "Todorcevic, Miodrag"]
[Result "0-1"]
[WhiteElo "2275"]
[BlackElo "2480"]

1.e4 g6 2.d4 Bg7 3.Nc3 d6 4.Nge2 Nc6 5.Be3 Nf6 6.h3 O-O 7.g3 e5 8.Bg2 a6
9.O-O b5 10.a3 Bb7 11.dxe5 Nxe5 12.b3 Rc8 13.Nd5 Ned7 14.Bd4 c5 15.Nxf6+ Nxf6
16.e5 Bxg2 17.Kxg2 Nd5  0-1

[Event "Las Palmas op"]
[Site "Las Palmas"]
[Date "1991.??.??"]
[Round "5"]
[White "Reyes, Juan"]
[Black "Todorcevic, Miodrag"]
[Result "1-0"]
[WhiteElo "2415"]
[BlackElo "2480"]

1.e4 g6 2.d4 Bg7 3.Nc3 d6 4.Be3 c6 5.Qd2 Nd7 6.f3 b5 7.Nge2 a6 8.g3 Qc7 9.Bg2 h5
10.h3 Ngf6 11.O-O Bb7 12.a4 b4 13.Nd1 c5 14.Nf2 a5 15.c4 bxc3 16.Nxc3 cxd4
17.Nb5 Qb8 18.Bxd4 O-O 19.f4 e5 20.Bc3 Ne8 21.Nd3 Qd8 22.Rad1 Bc6 23.fxe5 Bxb5
24.axb5 Qb6+ 25.Kh2 dxe5 26.Ra1 Qxb5 27.Bb4 Ndf6 28.Bxf8 Bxf8 29.Qc3 Bd6
30.b3 Ra7 31.Ra4 h4 32.g4 Qb6 33.Nb2 Bb4 34.Qf3 Nh7 35.Nc4 Qc7 36.Qf2 Qe7
37.Ne3 Nef6 38.g5 Nh5 39.Nd5 Qxg5 40.Qxa7 Nf4 41.Nxf4 exf4 42.Rxb4  1-0

[Event "Las Palmas op"]
[Site "Las Palmas"]
[Date "1991.??.??"]
[Round "7"]
[White "Eslon, Jaan"]
[Black "Todorcevic, Miodrag"]
[Result "0-1"]
[WhiteElo "2390"]
[BlackElo "2480"]

1.d4 g6 2.e4 Bg7 3.Nc3 d6 4.Be3 c6 5.Qd2 Nd7 6.f3 b5 7.Nge2 a6 8.g3 e5 9.Bg2 Ngf6
10.O-O O-O 11.Rad1 Re8 12.Kh1 Bb7 13.Bh6 Bxh6 14.Qxh6 Qe7 15.Rd2 b4 16.Nd1 exd4
17.Nxd4 c5 18.Ne2 d5 19.exd5 Bxd5 20.b3 Bc6 21.c4 Ne5 22.Ng1 Rad8 23.Nf2 Rxd2
24.Qxd2 Qb7 25.Qd6 Nfd7 26.Re1 Re6 27.Qd1 h5 28.Re2 Nf6 29.Qf1 Nxf3 30.Rxe6 fxe6
31.Nd3 Nd2 32.Nxc5 Qe7 33.Qf2 Nde4 34.Nxe4 Nxe4 35.Qc2 Qb7 36.Nf3 Qb6 37.c5 Qxc5
38.Qxc5 Nxc5 39.Ne5 Be8 40.Kg1 Kg7 41.Bc6 Bxc6 42.Nxc6 Nd3 43.Kf1 Kf6 44.Ke2 Nc1+
45.Kd2 Nxa2 46.Kc2 Kf5 47.Kb2 Nc3 48.Nxb4 Nd5 49.Nxa6 Kg4 50.Nc5 e5 51.Kc2 Kh3
52.Kd3 Kxh2 53.Ne4 Kg2 54.Kc4 Nc7 55.b4 Kf3 56.Kd3 Nb5 57.Ng5+ Kxg3 58.Ke4 Kg4
59.Nf7 h4 60.Nxe5+ Kg3 61.Nc4 h3 62.Ne3 Nd6+ 63.Ke5 Nc4+ 64.Nxc4 h2  0-1

[Event "Leon"]
[Site "Leon"]
[Date "1991.??.??"]
[Round "?"]
[White "Magem Badals, Jorge"]
[Black "Todorcevic, Miodrag"]
[Result "1-0"]
[WhiteElo "2490"]
[BlackElo "2435"]

1.e4 g6 2.d4 Bg7 3.Nc3 d6 4.g3 Nc6 5.Be3 e5 6.dxe5 Nxe5 7.h3 Nf6 8.f4 Ned7
9.Bg2 O-O 10.Nge2 Re8 11.O-O Nb6 12.Bd4 c6 13.Re1 d5 14.exd5 cxd5 15.g4 Be6
16.Ng3 Rc8 17.Qd3 Nc4 18.b3 Nd6 19.Rad1 Qa5 20.f5 Bd7 21.Rxe8+ Rxe8 22.Nxd5 Re1+
23.Rxe1 Qxe1+ 24.Kh2 Nxd5 25.Bxg7 Bc6 26.Bb2 Qf2 27.Qd4 Qxd4 28.Bxd4 Nb4
29.Bc5  1-0

[Event "Leon"]
[Site "Leon"]
[Date "1991.??.??"]
[Round "?"]
[White "Prie, Eric"]
[Black "Todorcevic, Miodrag"]
[Result "0-1"]
[WhiteElo "2460"]
[BlackElo "2435"]

1.e4 g6 2.d4 Bg7 3.Nc3 d6 4.f4 c6 5.Nf3 Bg4 6.Be3 Qb6 7.Qd2 Nf6 8.Be2 O-O
9.O-O Qc7 10.h3 Bxf3 11.Bxf3 e6 12.g4 Nbd7 13.g5 Ne8 14.f5 exf5 15.exf5 gxf5
16.d5 Ne5 17.Be2 Qd7 18.h4 f6 19.Rad1 fxg5 20.hxg5 c5 21.Rf2 Nc7 22.Rdf1 Rae8
23.Nd1 b5 24.b4 c4 25.Bxa7 Ng6 26.Bb6 Re5 27.Nc3 f4 28.Rg2 Qe7 29.Bxc7 Qxc7
30.Bg4 f3 31.Rg3 Qb6+ 32.Kh1 f2 33.Rg2 Re1 34.Rxe1 f1=Q+  0-1

[Event "POR-ch"]
[Site "Lisboa"]
[Date "1991.??.??"]
[Round "6"]
[White "Leonardo, Joao"]
[Black "Nobre, A."]
[Result "1-0"]
[WhiteElo "2240"]
[BlackElo "2100"]

1.e4 g6 2.d4 Bg7 3.Nc3 d6 4.g3 Nc6 5.Be3 e5 6.d5 Nd4 7.Nce2 Bg4 8.Bxd4 exd4
9.f3 Bd7 10.Nxd4 c5 11.dxc6 bxc6 12.c3 Rb8 13.Rb1 d5 14.exd5 cxd5 15.Nge2 Ne7
16.Bg2 Nf5 17.Nxf5 Bxf5 18.Qa4+ Qd7 19.Qxd7+ Kxd7 20.Rd1 Rhe8 21.b3 Bc2 22.Rxd5+ Kc6
23.c4 Re3 24.f4 Kc7 25.Kf2 Rbe8 26.Re1 Bc3 27.Nxc3 Rxe1 28.Rd2 Bf5 29.Nb5+ Kb6
30.b4 R1e6 31.a4 a5 32.c5+  1-0

[Event "POR-ch"]
[Site "Lisboa"]
[Date "1991.??.??"]
[Round "11"]
[White "Fernandes, Antonio"]
[Black "Leonardo, Joao"]
[Result "1/2-1/2"]
[WhiteElo "2455"]
[BlackElo "2240"]

1.d4 d6 2.e4 g6 3.Nc3 Bg7 4.Nf3 Bg4 5.Be3 Nd7 6.h3 Bxf3 7.Qxf3 e5 8.Bc4 Ngf6
9.O-O exd4 10.Bxd4 Ne5 11.Bxe5 dxe5 12.Rad1 Qe7 13.Nd5 Nxd5 14.Bxd5 c6 15.Bb3  1/2-1/2

[Event "ESP-ch"]
[Site "Lleida"]
[Date "1991.??.??"]
[Round "7"]
[White "Vilar Lopez, Monica"]
[Black "Pastor, Pedro"]
[Result "0-1"]
[WhiteElo "2200"]
[BlackElo "2200"]

1.e4 d6 2.d4 g6 3.Nc3 Bg7 4.Nf3 c6 5.Be2 Nf6 6.O-O O-O 7.Bf4 h6 8.Qd2 Kh7
9.e5 dxe5 10.Nxe5 Be6 11.Bd3 Nbd7 12.Rfe1 Nxe5 13.Rxe5 Nd5 14.Bxh6 Bxe5 15.Bxf8 Bf4
16.Qe2 Qxf8 17.g3 Nxc3 18.bxc3 Bd6 19.c4 b6 20.d5 cxd5 21.cxd5 Bd7  0-1

[Event "ESP-ch"]
[Site "Lleida"]
[Date "1991.??.??"]
[Round "9"]
[White "Garcia, JP."]
[Black "Pastor, Pedro"]
[Result "1/2-1/2"]
[WhiteElo "2200"]
[BlackElo "2200"]

1.e4 g6 2.d4 Bg7 3.Nc3 d6 4.Nf3 Nf6 5.h3 O-O 6.Be3 c6 7.a4 Qc7 8.Be2 e5 9.O-O Re8
10.dxe5 dxe5 11.Qc1 Nbd7 12.Rd1 Bf8 13.Bc4 Nb6 14.Bb3 Be6 15.Bxe6 Rxe6 16.Nd2 a5
17.Nb3 Nc4 18.Bc5 Bg7 19.Be3 Nxe3 20.Qxe3 Bf8 21.Rd3 Rd6 22.Rad1 Ne8 23.Kf1 b6
24.Nc1 Qb7 25.b3 Qa6 26.Kg1 Rf6 27.Qg3 Bc5 28.Rf3 Rxf3 29.Qxf3 Qc8 30.Nd3 Bd6
31.Nb2 Qe6 32.Rd3 Nf6 33.Qd1 Bc7 34.Nc4 Kg7 35.Ne3 h5 36.Kf1 Re8 37.Nc4 Re7
38.Qf3 Nd7 39.Qg3 Nc5 40.Rd1 Kh7 41.Qe3 Nd7 42.Kg1 Re8 43.Rd2 Rb8 44.Qe2 Nc5
45.Ne3 Qe7 46.Qc4 Rf8 47.Rd1 Qg5 48.Ne2 Qh4 49.Ng3 Qf4 50.Ne2 Qxe4 51.Qxe4 Nxe4
52.Rd7 Bd8 53.Nc4 Nc5 54.Rd6 Re8 55.Rxc6 e4 56.Nc3 Ne6 57.Nxe4 Kg7 58.Rc8 Re7
59.f3 Rd7 60.Kf1 f5 61.Nf2 Nf4 62.Rc6 h4 63.Rd6 Rxd6 64.Nxd6 Kf6 65.Nd3 Nd5
66.c4 Ne3+ 67.Kf2 Nc2 68.Nb5 Be7 69.Ke2 g5 70.Kd2 Nb4 71.Nxb4 Bxb4+ 72.Kd3 Ke5
73.Nc7 Bd6 74.Nd5 Bc5  1/2-1/2

[Event "USA-op Los Angeles"]
[Site "Los Angeles"]
[Date "1991.??.??"]
[Round "?"]
[White "Zapata, Alonso"]
[Black "Weeramantry, Sunil"]
[Result "1-0"]
[WhiteElo "2510"]
[BlackElo "2245"]

1.e4 d6 2.d4 g6 3.Nc3 Bg7 4.Be3 a6 5.a4 Nd7 6.Nf3 Ngf6 7.Qd2 O-O 8.Bh6 c5
9.Bxg7 Kxg7 10.e5 Ng8 11.exd6 exd6 12.Be2 Ndf6 13.a5 b5 14.axb6 Qxb6 15.O-O Bb7
16.Rfd1 Rfd8 17.Na4 Qc6 18.Qa5 cxd4 19.Rd2 Ne7 20.Bf1 Nf5 21.Nxd4 Nxd4 22.Rxd4 Qxc2
23.Rc4 Qf5 24.Qxf5 gxf5 25.f3 Nd5 26.Bd3 Kf6 27.Rh4 Rg8 28.Kf2 h5 29.g3 Kg5
30.Rd1 f4 31.Be4 Ne3 32.Rxd6 Bxe4 33.Rxf4 Nf5 34.h4+ Nxh4 35.Rxh4 Bc2 36.f4+ Kf5
37.Rxh5+ Kg4  1-0

[Event "Lyngby op"]
[Site "Lyngby"]
[Date "1991.??.??"]
[Round "3"]
[White "Polzin, Rainer"]
[Black "Hoi, Carsten"]
[Result "1/2-1/2"]
[WhiteElo "2280"]
[BlackElo "2440"]

1.e4 g6 2.d4 Bg7 3.Nc3 d6 4.f4 Nf6 5.Nf3 O-O 6.Bd3 Na6 7.O-O c5 8.d5 Bg4
9.h3 Bxf3 10.Qxf3 Nd7 11.Qe2 Nc7 12.Bc4 a6 13.a4 b6 14.Nd1 Qc8 15.c3 Qb7
16.Nf2 b5 17.Bd3 Rae8 18.Ng4 e6 19.dxe6 fxe6 20.axb5 axb5 21.e5 dxe5 22.fxe5 Rxf1+
23.Kxf1 c4 24.Be4 Nd5 25.Nh6+ Bxh6 26.Bxh6 Nxe5 27.Qf2 Qf7 28.Ra7 Qxf2+ 29.Kxf2 Nf6
30.Bf3 Nd3+ 31.Ke2 Nd5 32.Rg7+ Kh8 33.Rb7 Nxb2 34.Bxd5 exd5+ 35.Kd2 Nd3 36.Rxb5 Rd8
37.Ke3 Ne1 38.Kd4 Nc2+ 39.Ke5 d4 40.cxd4 Nxd4 41.Rc5 Nf5 42.Bg5 Re8+ 43.Kf4 Kg8
44.g3 Rf8 45.g4 Nd4+ 46.Ke3 Ne6 47.Re5 Kf7 48.Kd2 Nxg5 49.Rxg5 Rd8+ 50.Ke2 c3
51.Rc5 Rd2+ 52.Ke1 Rd3 53.h4 Ke6 54.Ke2 Rg3 55.Kf2 Rxg4 56.h5 g5 57.Rxc3 Rh4
58.Rc6+ Kf7 59.Rc7+ Kg8 60.Kg3 h6 61.Rb7 Rxh5 62.Kg4 Rh4+ 63.Kf5 Kf8 64.Rh7 Ke8
65.Ke6 Kd8 66.Kd6 Rd4+ 67.Ke5 Rh4 68.Kd6 Ke8 69.Ke6 Kf8 70.Kf6 Rf4+ 71.Kg6 g4
72.Rxh6 g3 73.Rh1  1/2-1/2

[Event "Lyngby op"]
[Site "Lyngby"]
[Date "1991.??.??"]
[Round "9"]
[White "Boe, Mads"]
[Black "Mortensen, Erling"]
[Result "1-0"]
[WhiteElo "2320"]
[BlackElo "2450"]

1.e4 g6 2.d4 Bg7 3.Nc3 d6 4.Be3 c6 5.Qd2 Nd7 6.Nf3 b5 7.Bd3 Bb7 8.a4 b4 9.Ne2 c5
10.dxc5 dxc5 11.Bb5 Nf6 12.Ne5 a6 13.Bxd7+ Nxd7 14.Nxd7 Qxd7 15.Qxd7+ Kxd7
16.Bxc5 Rhc8 17.O-O-O+ Ke8 18.Bxb4 Bxe4 19.Bc3 Bh6+ 20.Kb1 Bxg2 21.Rhe1 Rab8
22.Rd3 Bf8 23.Be5 Rb4 24.Rd4 Rxd4 25.Nxd4 Kd7 26.Rd1 f6 27.Ne2+ Ke8 28.Bg3 Bf3
29.Rd2 Bh6 30.Bf4 Bxf4 31.Nxf4 Rc4 32.Ne6 Rxa4 33.Rd8+ Kf7 34.Nc5 Rh4 35.Nxa6 Rxh2
36.b4 Be2 37.Nc7 Rh4 38.c3 Rc4 39.Nd5 Bf3 40.Kb2 Ke6 41.Ne3 Rc7 42.c4 Rd7
43.Rh8 h5 44.Kc3 Ra7 45.b5 Ra8 46.Rxa8 Bxa8 47.c5 Bf3 48.Kb4 h4 49.Ka5 h3
50.Nf1 Kd7 51.Kb6 g5 52.Nh2 Be4 53.Nf1 g4 54.c6+ Kd6 55.Ng3 Bd5 56.Nf5+ Ke5
57.Ng7 g3 58.fxg3 Bf3 59.Nf5 h2 60.c7 h1=Q 61.c8=Q Qg1+ 62.Ka6 Bg4 63.Qc7+ Kxf5
64.Qf4+ Ke6 65.Qxg4+ Kd6 66.Qf4+ Kd7 67.b6 Qc5 68.Qa4+ Kd8 69.Kb7 e5 70.Qa2 Ke7
71.Qg8 Qd4 72.Qc8 e4 73.Qc7+ Ke6 74.Kc8 e3 75.b7 e2 76.Qc6+ Ke7 77.Qc7+ Ke6
78.b8=Q e1=Q 79.Qb3+ Kf5 80.Qf3+ Kg6 81.Qc2+ Kh6 82.Qh2+  1-0